| 000 | 00972cam a2200253 4500 | ||
|---|---|---|---|
| 001 | WB3722-12 | ||
| 008 | 000000n2001 000 0 eng u | ||
| 035 | _a(Sirsi) u112959 | ||
| 245 | _aLabour pledges to reform leases | ||
| 260 | _c2001 | ||
| 490 |
_aProperty Week _v66(22) 1 June 2001, 2(1) |
||
| 520 | _aLabour's business manifesto reveals Labour's intention to force through reform of commercial property leases in the next parliament. The manifesto states that upward-only rents cause much dissatisfaction in the business community and aims to promote greater flexibility in the commercial property market. | ||
| 590 | _aWB | ||
| 650 | _aLABOUR GOVERNMENT | ||
| 650 | _aGOVERNMENT POLICY | ||
| 650 | _aREFORM | ||
| 650 | _aPROPERTY-COMMERCIAL PROPERTY | ||
| 650 | _aPROPERTY MARKET | ||
| 650 | _aCOMMERCIAL LEASES | ||
| 650 | _aUPWARD ONLY RENT REVIEWS | ||
| 650 | _aRENT REVIEWS | ||
| 690 | _aLANDLORD AND TENANT-BUSINESS TENANCIES | ||
| 942 | _n0 | ||
| 999 |
_c67246 _d67246 |
||